Представление документа в формате RUSMARC

ПолеНазваниеЗначение
  Тип записи a
  Библиографический уровень m
001 Контрольный номер RU/УОНБ/EK/623438468
005 Дата корректировки 20240130235250.7
010 Индекс ISBN __
a ISBN 5-7595-0277-8
d Цена 35 к.
9 Тираж 2500 экз.
100 Данные общей обработки __
a Данные общей обработки 20191003d1990 u y0rusy0189||||ca
101 Язык документа 0_
a Язык текста rus
102 Страна публикации __
a Страна публикации RU
105 Кодированные данные (монография) __
a Кодированные данные (монография) a z 001yy
200 Заглавие и сведения об ответственности 1_
a Заглавие Природа: разум и милосердие
f Первые сведения об ответственности В.А. Писачкин
210 Выходные данные 1_
a Место издания Саранск
c Издательство Мордов. кн. изд-во
d Дата издания 1990
215 Физическое описание __
a Объем 180, [2] c.
c Иллюстрации/тип воспроизводства ил.
d Формат 17 см
225 Серия 1_
a Серия Родная природа
320 Библиография __
a Библиография Библиогр. в примеч.: с. 179-181
606 Тематические рубрики 0_
a Основная рубрика Экология
610 Ключевые слова 0_
a Ключевые слова экология
686 Индексы других классификаций __
a Классификационный индекс 60.550.03
2 Код системы rubbk
700 Автор _1
a Фамилия Писачкин
b Имя (инициалы) В.А.
g Полное личное имя Владимир Александрович
801 Источник записи _0
a Страна RU
b Организация Ульяновская ОНБ
c Дата составления 20191003
g Правила каталогизации RCR
801 Источник записи _1
a Страна RU
b Организация Ульяновская ОНБ
c Дата составления 20191003
g Правила каталогизации RCR
901 Тип документа __
t Тип документа m
909 Создатель записи __
a Создатель записи Мендеева
938 Служебная информация __
a Имя БД retro
b Имя библиотеки УОНБ
c Имя АИБС МАРК-SQL
d Номер DOC_ID в БД 308284